| 000 | 00422nam a2200169Ia 4500 | ||
|---|---|---|---|
| 005 | 20240701054208.0 | ||
| 008 | 240331s9999 xx 000 0 und d | ||
| 020 | _a041591955X | ||
| 082 |
_a149.4 _bCUL |
||
| 245 | 0 |
_aCultural semiosis : _btracing the signifier |
|
| 260 |
_aNew york _bRoutledge _c1998 |
||
| 300 | _aix, 325 p ., | ||
| 650 | _aPhilosophy | ||
| 650 | _aCultural | ||
| 700 |
_aSiverman, H.J _eedt |
||
| 942 | _cL | ||
| 999 |
_c738 _d738 |
||